| 000 | 00478nam a22001577a 4500 | ||
|---|---|---|---|
| 999 |
_c9329 _d9329 |
||
| 008 | 210403b ||||| |||| 00| 0 eng d | ||
| 040 | _aBMS College of Architecture | ||
| 100 | _aChantal, Imusonere | ||
| 245 | _aTourist resort at Mysore | ||
| 300 | _aNA | ||
| 500 | _a1BM98AT016 | ||
| 502 |
_8B.Arch _NBMS College of Architecture, Visvesvaraya Technological University _aProject report _d2003 |
||
| 650 | _aMysore | ||
| 700 |
_aRama R Subrahmanian _eGuide |
||
| 942 |
_2ddc _cTHE |
||